1159 1898 1326 1868 1563 1711 1911 1171 1171 1714 1068 1598 1682 1369 1214 1568 1529 1622 1726 1159 1452 1881 1923 1592 1586 1738 1722 1474 1485 1814 1102 1073 1848 1486 1184 1862 1515 1999 1794 1533 1896 1033 1606 1022 1351 1791 1217 1084 1560 1639 1215 1380 1242 1169 1968 1415 1973 1482 1957 1670 1340 1760 1326 1623 1414 1630 1762 1360 1387 1039 1231 1219 1903 1782 1206 1165 1913 1104 1770 1123 1990 1815 1764 1756 1704 1506 1248 1137 1427 1008 1370 1179 1100 1521 1011 1054 1398 1753 1043 BCNSPRNW ULIB Ver.6.0+V

เปลี่ยนเป็นภาษาไทย

Change to English
 แสดงรายละเอียดบรรณานุกรม
  กลับหน้าหลัก

Brief Record : Get Marc (ISO 2709) : E-mail record : QR code < ปิดหน้าต่าง
LEADER : 00000nam 2200000uu 4500
001    13399128584
003     ULIB
008    230912s2560||||th 000 0 tha d
020    ^a9786161818579
060 04 ^aWV258^bส753ร
100 0  ^aสุจิตรา ประสานสุข
245 10 ^aโรคน้ำในหูไม่เท่ากัน /^cสุจิตรา ประสานสุข
250    ^aพิมพ์ครั้งที่ 1
260    ^aกรุงเทพฯ :^bอัมรินทร์เฮลท์,^c2560.
300    ^a97 หน้า :^bภาพประกอบ ;^c21 ซม.
490 0  ^aชุดชีวิตและสุขภาพ ;^vลำดับที่ 78
650  4 ^aหู
650  4 ^aโรคน้ำในหูไม่เท่ากัน^xการรักษา
650  4 ^aโรคน้ำในหูไม่เท่ากัน^xการดูแลตนเอง
945    ^p160^l0^i29786
999    ^aกัณชพร จุลอักษร
รายการนี้ยังไม่มีแท็ก
คุณยังไม่ได้ล็อกอิน คุณสามารถมีกิจกรรมร่วมกับเว็บไซต์ได้ แต่ต้องล็อกอินก่อน ::
  ล็อกอิน

รายการสื่อสารสนเทศ

ลำดับที่ ประเภท เลขเรียก/บาร์โค้ด สถานที่ สถานะ
1. วิทยาศาสตร์การแพทย์ และสุขภาพ
วิทยาศาสตร์การแพทย์ และสุขภาพ
WV258 ส753ร ฉ.1 
  Barcode: 29786
ห้องสมุดวิทยาเขตนครสวรรค์
►หนังสือทั่วไป:l:General Books
บนชั้น

รายการใกล้เคียง
    ผู้แต่ง [สุจิตรา ประสานสุข]

    หัวเรื่อง [หู]

BibComment


ยังไม่เคยถูกคอมเมนท์

คอมเมนท์ทรัพยากรรายการนี้
  คอมเมนท์: โรคน้ำในหูไม่เท่..


 Copyright 2026. Bcnsprnw @Library